| 000 | 00000nam##2200000za#4500 |
| 001 | 9.602970 |
| 003 | CaOODSP |
| 005 | 20240212134142 |
| 007 | cr ||||||||||| |
| 008 | 150406|2001||||xxc|||||o f|0| 0 fre|d |
| 040 | |aCaOODSP|bfre |
| 043 | |an-cn--- |
| 086 | 1 |aNE22-1/2001-6F-PDF |
| 110 | 1 |aCanada. |bOffice national de l'énergie. |
| 245 | 10|aMotifs de décision relativement à TransCanada PipeLines Limited : |h[ressource électronique]|bdemande visant les droits et le tarif en 2001 et 2002 |
| 246 | 1 |iTitre de renvoi : |aTransCanada PipeLines Limited |
| 260 | |aCalgary - Alberta : |bOffice national de l'énergie |cNovembre 2001. |
| 300 | |a45p.|bglossaire |
| 490 | 1 |aMotifs de décision|vRH-1-2001 |
| 500 | |aLe nº de catalogue (NE22-1/2001-6F) et l'ISBN (0-662-86304-6) de l'édition imprimée ont été incorrectement copiés dans cette édition électronique. |
| 590 | |a12-10-Supp|b2012-03-23 |
| 775 | 08|tReasons for decision in the matter of TransCanada PipeLines Limited : |w(CaOODSP)9.572626 |
| 776 | 0#|tTransCanada PipeLines Limited : |w(CaOODSP)9.625810 |
| 830 | #0|aMotifs de décision (Canada. Office national de l'énergie)|vRH-1-2001|w(CaOODSP)9.500899 |
| 856 | 40|ahttp://publications.gc.ca|qPDF|s286 Ko|uhttps://publications.gc.ca/collections/Collection/NE22-1-2001-6F.pdf|yRH-1-2001 |